Ποιοτική ανάλυση του πόσιμου νερού στην περιοχή του νομού Τρικάλων : πτυχιακή εργασία

Αποθηκεύτηκε σε:
Λεπτομέρειες βιβλιογραφικής εγγραφής
Κύριος συγγραφέας: Κόντου, Ευαγγελή
Συγγραφή απο Οργανισμό/Αρχή: Πανεπιστήμιο Αιγαίου. Σχολή Περιβάλλοντος. Τμήμα Περιβάλλοντος
Άλλοι συγγραφείς: Παρασκευάς, Παναγιώτης (Εισηγητής διατριβής)
Μορφή: Thesis Βιβλίο
Γλώσσα:Greek
Δημοσίευση: Μυτιλήνη : Πανεπιστήμιο Αιγαίου, Τμήμα Περιβάλλοντος, Τομέας Περιβαλλοντικής Μηχανικής, 2000
Θέματα:
Διαθέσιμο Online:http://hdl.handle.net/11610/10159
Ετικέτες: Προσθήκη ετικέτας
Δεν υπάρχουν, Καταχωρήστε ετικέτα πρώτοι!

MARC

LEADER 00000cam a2200000 i 4500
001 1/8827
008 000726s2000 gre d
035 |l 10062827 
040 |a GR-MY-UA  |b gre  |e aacr 
041 0 |a gre 
082 0 |a 628.1  |2 (22) 
100 1 |a Κόντου, Ευαγγελή. 
245 1 0 |a Ποιοτική ανάλυση του πόσιμου νερού στην περιοχή του νομού Τρικάλων :  |b πτυχιακή εργασία /  |c Κόντου Ευαγγελή ; υπεύθυνος καθηγητής Παρασκευάς Παναγιώτης 
260 |a Μυτιλήνη :   |b Πανεπιστήμιο Αιγαίου, Τμήμα Περιβάλλοντος, Τομέας Περιβαλλοντικής Μηχανικής,   |c 2000 
300 |a 201 σ.;  |b πιν.; χάρτες;  |c 30 εκ. 
502 |a Πτυχιακή εργασία – Πανεπιστήμιο Αιγαίου, Λέσβος, 2000. 
504 |a Περιέχει βιβλιογραφία 
650 0 0 |a Water quality  |z Greece  |z Trikala (Nome) 
650 0 0 |a Water-supply  |z Greece  |z Trikala (Nome) 
650 0 0 |a Drinking water  |z Greece  |z Trikala (Nome) 
650 0 0 |a Dissertations, Academic  |z Greece. 
700 1 |a Παρασκευάς, Παναγιώτης.  |4 ths 
710 2 |a Πανεπιστήμιο Αιγαίου.   |b Σχολή Περιβάλλοντος.   |b Τμήμα Περιβάλλοντος. 
852 |a INST  |b LESVOS  |c DIATR  |e 20000726  |h 571  |p 005100025627  |q 005100025627  |t DIE  |y 23 
852 |a INST  |b LESVOS  |c DIATR  |e 20000726  |h 572  |p 005100025628  |q 005100025628  |t DIE  |y 23 
856 |u http://hdl.handle.net/11610/10159 
901 |a BIBL1-2000-2 
909 |a Λ  |b 080683 
909 |a Λ  |b 080682 
924 |a ΚΟΝΤΟΥ  |b ΕΥΑΓΓΕΛΗ  |y ΛΕΣΒΟΣ  |z 2000 
970 |a ΚΑΜΑΤΣΟΥ  |b ΔΕΣΠΟΙΝΑ  |z 2000/07/26